Resisting injustice and the feminist ethics of care in the age of Obama : (Record no. 14068)

000 -LEADER
fixed length control field 01594cam a2200385 i 4500
001 - CONTROL NUMBER
control field 17607237
005 - DATE AND TIME OF LATEST TRANSACTION
control field 20170105102846.0
008 - FIXED-LENGTH DATA ELEMENTS--GENERAL INFORMATION
fixed length control field 130130s2013 enk b 001 0 eng
010 ## - LIBRARY OF CONGRESS CONTROL NUMBER
LC control number 2012047793
020 ## - INTERNATIONAL STANDARD BOOK NUMBER
International Standard Book Number 9780415662291 (hardback)
020 ## - INTERNATIONAL STANDARD BOOK NUMBER
Canceled/invalid ISBN 9780203072479 (ebk)
040 ## - CATALOGING SOURCE
Original cataloging agency DLC
Language of cataloging eng
Transcribing agency DLC
Description conventions rda
042 ## - AUTHENTICATION CODE
Authentication code pcc
043 ## - GEOGRAPHIC AREA CODE
Geographic area code n-us---
050 00 - LIBRARY OF CONGRESS CALL NUMBER
Classification number HV31
Item number .R53 2013
082 00 - DEWEY DECIMAL CLASSIFICATION NUMBER
Classification number 174/.93626
Edition number 23
084 ## - OTHER CLASSIFICATION NUMBER
Classification number POL028000
-- POL007000
-- POL017000
Number source bisacsh
100 1# - MAIN ENTRY--PERSONAL NAME
Personal name Richards, David A. J.
245 10 - TITLE STATEMENT
Title Resisting injustice and the feminist ethics of care in the age of Obama :
Remainder of title "suddenly,...all the truth was coming out " /
Statement of responsibility, etc. David A.J. Richards.
300 ## - PHYSICAL DESCRIPTION
Extent xii, 212 pages :
Dimensions 24 cm.
490 0# - SERIES STATEMENT
Series statement Routledge research in American politics and governance ;
Volume/sequential designation 6
504 ## - BIBLIOGRAPHY, ETC. NOTE
Bibliography, etc. note Includes bibliographical references (pages 189-206) and index.
650 #0 - SUBJECT ADDED ENTRY--TOPICAL TERM
Topical term or geographic name entry element Human services
Geographic subdivision United States.
650 #0 - SUBJECT ADDED ENTRY--TOPICAL TERM
Topical term or geographic name entry element Feminism
Geographic subdivision United States.
650 #0 - SUBJECT ADDED ENTRY--TOPICAL TERM
Topical term or geographic name entry element Patriarchy
Geographic subdivision United States.
650 #0 - SUBJECT ADDED ENTRY--TOPICAL TERM
Topical term or geographic name entry element Political psychology
Geographic subdivision United States.
650 #0 - SUBJECT ADDED ENTRY--TOPICAL TERM
Topical term or geographic name entry element Conservatism
Geographic subdivision United States.
650 #0 - SUBJECT ADDED ENTRY--TOPICAL TERM
Topical term or geographic name entry element Protest movements
Geographic subdivision United States.
650 #7 - SUBJECT ADDED ENTRY--TOPICAL TERM
Topical term or geographic name entry element POLITICAL SCIENCE / Public Policy / General.
Source of heading or term bisacsh
650 #7 - SUBJECT ADDED ENTRY--TOPICAL TERM
Topical term or geographic name entry element POLITICAL SCIENCE / Political Ideologies / Democracy.
Source of heading or term bisacsh
650 #7 - SUBJECT ADDED ENTRY--TOPICAL TERM
Topical term or geographic name entry element POLITICAL SCIENCE / Public Affairs & Administration.
Source of heading or term bisacsh
906 ## - LOCAL DATA ELEMENT F, LDF (RLIN)
a 7
b cbc
c orignew
d 1
e ecip
f 20
g y-gencatlg
942 ## - ADDED ENTRY ELEMENTS (KOHA)
Source of classification or shelving scheme
Koha item type Book
Holdings
Withdrawn status Lost status Damaged status Not for loan Collection code Permanent Location Current Location Shelving location Date acquired Total Checkouts Full call number Barcode Date last seen Price effective from Koha item type
          Centre for International Peace & Stability (CIPS) Centre for International Peace & Stability (CIPS) General Stacks 08/16/2013   174.93626 RIC 2013 CIPS0000278 08/16/2013 01/05/2017 Book
© 2023 Central Library, National University of Sciences and Technology. All Rights Reserved.